000 00638nam a2200277Ia 4500
005 20260324115822.0
008 008 260324s9999 xx 000 0 eng d
020 _a9781315367781
037 _aEBOOK
040 _aCRL
040 _beng
040 _cCRL
041 _2eng
041 _aeng
084 _qCRL
100 _aHimadri Roy Ghatak
_91140052
245 0 _aReaction Engineering Principles
260 _bTaylor and Francis
260 _c2016
365 _a
365 _b275
856 _uhttp://www.taylorfrancis.com/books/9781315367781
942 _cEBOOK
999 _c1747281
_d1747281